Asentamientos humanos del Guaviare (Registro nro. 4334)
[ vista simple ]
| 000 -CABECERA | |
|---|---|
| Campo de control | 00921nam a2200301 a 4500 |
| 005 - FECHA Y HORA DE LA ULTIMA TRANSACCION | |
| Campo de control | 20191224041733.0 |
| 008 - ELEMENTOS DE LONGITUD FIJA—INFORMACION GENERAL | |
| Campo de control | 140314b1996 ck ||||| |||| 00| 0 spa d |
| 040 ## - FUENTE DE CATALOGACIÓN | |
| Agencia catalogadora original | CO-BoIAVH |
| Agencia transcriptora | CO-BoIAVH |
| 041 ## - IDIOMA | |
| Código de idioma para texto/pista de sonido o título separado | Español |
| 044 ## - PAÍS DE PUBLICACIÓN | |
| País de publicación | Colombia |
| 090 ## - CLASIFICACIÓN LOCAL | |
| Colección | LB |
| Consecutivo | 04000 |
| 100 ## - ASIENTO PRINCIPAL--NOMBRE PERSONAL | |
| Nombre personal | Rodríguez Salazar, Adriana |
| 110 ## - ASIENTO PRINCIPAL--NOMBRE CORPORATIVO | |
| Unidad subordinad | Instituto Amazonico de Investigaciones Científicas |
| 245 ## - MENCION DE TITULO | |
| Título | Asentamientos humanos del Guaviare |
| Parte restante del título | dinámicas y perspectivas |
| 260 ## - PUBLICACION, DISTRIBUCION, ETC. (PIE DE IMPRENTA) | |
| Lugar de publicación, distribución, etc. | Bogotá |
| Nombre del editor, distribuidor, etc. | SINCHI |
| Fecha de publicación, distribución, etc. | 1996 |
| 300 ## - DESCRIPCION FISICA | |
| Extensión | 196 p. |
| 650 ## - ASIENTO SECUNDARIO DE MATERIA - TERMINO TEMATICO | |
| Término temático o nombre geográfico como elemento de entrada | Población Indigena |
| 650 ## - ASIENTO SECUNDARIO DE MATERIA - TERMINO TEMATICO | |
| Término temático o nombre geográfico como elemento de entrada | Apropiación |
| 650 ## - ASIENTO SECUNDARIO DE MATERIA - TERMINO TEMATICO | |
| Término temático o nombre geográfico como elemento de entrada | Cultivo de Coca |
| Subdivisión de forma | Guaviare |
| 650 ## - ASIENTO SECUNDARIO DE MATERIA - TERMINO TEMATICO | |
| Término temático o nombre geográfico como elemento de entrada | Guaviare |
| 650 ## - ASIENTO SECUNDARIO DE MATERIA - TERMINO TEMATICO | |
| Término temático o nombre geográfico como elemento de entrada | Cultivo de coca |
| 650 ## - ASIENTO SECUNDARIO DE MATERIA - TERMINO TEMATICO | |
| Término temático o nombre geográfico como elemento de entrada | Territorio Nukak |
| 700 ## - ASIENTO SECUNDARIO - NOMBRE PERSONAL | |
| Nombre personal | Salazar, Carlos Ariel |
| 700 ## - ASIENTO SECUNDARIO - NOMBRE PERSONAL | |
| Nombre personal | García, César |
| 700 ## - ASIENTO SECUNDARIO - NOMBRE PERSONAL | |
| Nombre personal | Sepúlveda, Favio |
| 942 ## - ELEMENTOS ADICIONALES (KOHA) | |
| Tipo de ítem | Informe Técnico |
| Sistema de clasificación | Local |
| 945 ## - PROCESAMIENTO LOCAL | |
| AAAA-MM-DD - Fecha de ingreso o modificacion | 2005-02-09 |
| Withdrawn status | Lost status | Sistema de Clasificación | Damaged status | No para préstamo | Colección | Inventariado | Ubicación Permanente | Ubicación actual | Fecha de adquisición | Total Checkouts | Número topográfico | Inventario / Código de Barras | Date last seen | Ejemplar | Price effective from | Forma de adquisición | Tipo de material |
|---|---|---|---|---|---|---|---|---|---|---|---|---|---|---|---|---|---|
| Local | General | Inventariado 2017 | Bogotá | Bogotá | 09/02/2005 | LB-04000 | 018479 | 04/12/2012 | Ej. 1 | 04/12/2012 | Informe Técnico |